1766 1470 1783 1719 1375 1997 1000 1189 1381 1507 1794 1488 1623 1271 1427 1054 1347 1578 1525 1762 1029 1757 1345 1935 1250 1824 1343 1348 1000 1739 1918 1621 1319 1395 1496 1745 1915 1556 1447 1986 1933 1741 1122 1240 1708 1551 1774 1891 1370 1938 1442 1392 1182 1616 1440 1326 1412 1648 1156 1658 1868 1491 1381 1735 1668 1618 1355 1467 1959 1167 1686 1771 1561 1633 1307 1582 1500 1817 1454 1633 1224 1233 1261 1116 1784 1618 1778 1567 1807 1056 1491 1289 1712 1874 1658 1288 1757 1461 1221 BCNSPRNW ULIB Ver.6.0+V

เปลี่ยนเป็นภาษาไทย

Change to English
 แสดงรายละเอียดบรรณานุกรม
  กลับหน้าหลัก

Brief Record : Get Marc (ISO 2709) : E-mail record : QR code < ปิดหน้าต่าง
LEADER : 00000nam 2200000uu 4500
001    13399113420
003     ULIB
008    111114s2552||||th 000 0 tha d
020    ^a9789749922866
060 04 ^aW62^bช551ค 2552
245 00 ^aคู่มือทักษะการสื่อสารสำหรับผู้บริหารองค์กร /^cศูนย์ฝึกอบรมทักษะการสื่อสาร ฝ่ายกุมารเวชศาสตร์ โรงพยาบาลจุฬาลงกรณ์ ; บรรณาธิการ, ชิษณุ พันธุ์เจริญ, จรุงจิตร์ งามไพบูลย์
246 14 ^aทักษะการสื่อสารสำหรับผู้บริหารองค์กร :^bฉบับพกพา
246 30 ^aทักษะการสื่อสารสำหรับผู้บริหารองค์กร
260    ^aกรุงเทพฯ :^bธนาเพรส,^c2552
300    ^a107 หน้า ;^c19 ซม.
650  7 ^aการสื่อสารในองค์การ^xคู่มือ
650  7 ^aการสื่อสารระหว่างบุคคล ^xคู่มือ
650  7 ^aการบริหารงานบุคคล
700 0  ^aชิษณุ พันธุ์เจริญ,^eบรรณาธิการ
700 0  ^aจรุงจิตร์ งามไพบูลย์,^eบรรณาธิการ
710 2  ^aโรงพยาบาลจุฬาลงกรณ์. ^bฝ่ายกุมารเวชศาสตร์.^bศูนย์ฝึกอบรมทักษะการสื่อสาร
945    ^p90^l0^i16071
945    ^p90^l0^i19529
995    ^aกัณชพร
999    ^aใช้งานได้ทุกระบบ
รายการนี้ยังไม่มีแท็ก
คุณยังไม่ได้ล็อกอิน คุณสามารถมีกิจกรรมร่วมกับเว็บไซต์ได้ แต่ต้องล็อกอินก่อน ::
  ล็อกอิน

รายการสื่อสารสนเทศ

ลำดับที่ ประเภท เลขเรียก/บาร์โค้ด สถานที่ สถานะ
- ไม่พบข้อมูล -

รายการใกล้เคียง
    หัวเรื่อง [การบริหารงานบุคคล]

BibComment


ยังไม่เคยถูกคอมเมนท์

คอมเมนท์ทรัพยากรรายการนี้
  คอมเมนท์: คู่มือทักษะการสื..


 Copyright 2026. Bcnsprnw @Library